|
|
|
|
| LEADER |
01001nam a2200265 a 4500 |
| 001 |
4411686 |
| 008 |
091107s1992 ii a b 000 0 eng d |
| 010 |
|
|
|a \\\92910913
|
| 020 |
|
|
|a 817040584X :
|c Rs150.00
|
| 040 |
|
|
|a DLC
|c DLC
|d DLC
|
| 082 |
0 |
0 |
|a 334/.0954
|2 20
|
| 100 |
1 |
|
|a Sinha, B. P.,
|d 1921-
|
| 245 |
1 |
0 |
|a Co-operation, instrument for socio-economic justice /
|c B.P. Sinha.
|
| 250 |
|
|
|a 1st ed.
|
| 260 |
|
|
|a Bombay :
|b Himalaya Pub. House,
|c 1992.
|
| 300 |
|
|
|a xxxii, 188 p. :
|b ill. ;
|c 23 cm.
|
| 520 |
|
|
|a In the Indian context.
|
| 504 |
|
|
|a Includes bibliographical references (p. [185]-188).
|
| 541 |
1 |
|
|e 00011352
|
| 650 |
|
0 |
|a Cooperation
|z India.
|
| 650 |
|
0 |
|a Distributive justice.
|
| 740 |
0 |
|
|a Cooperation, instrument for socioeconomic justice.
|
| 852 |
4 |
|
|a Ayesha Abed Library
|j General shelf
|
| 999 |
|
|
|c 5147
|d 5147
|
| 952 |
|
|
|0 0
|1 0
|2 ddc
|4 0
|6 334_095400000000000_SIN_1992
|7 0
|9 5000
|a BRACUL
|b BRACUL
|c GEN
|d 2009-11-07
|g 195.00
|l 0
|o 334.0954 SIN
|p 3010011352
|r 2009-11-07
|t 1
|v 390.00
|w 2009-11-07
|y BK
|